| 000 | 01452nam a22002777a 4500 | ||
|---|---|---|---|
| 005 | 20100930112516.0 | ||
| 008 | 100928t xxu||||| |||| 00| 0 hin d | ||
| 010 | _aHIN-89558 | ||
| 020 |
_c400.00 _a9789380327341 |
||
| 035 | _aHN-61904 | ||
| 037 | _bDBAD / PUB | ||
| 040 |
_aDPL _bHN |
||
| 082 | _a920 | ||
| 100 |
_922145 _aगोएथे, जॉन वोल्फ गैंग |
||
| 245 |
_aमेरी जिन्दगी के स्वप्न और सत्य: _cजॉन वोल्फ गैंग गोएथे; नवोदिता शर्मा द्वारा अनुवादित _bजॉन वोल्फ गैंग गोएथे की विख्यात आत्मकथा / |
||
| 246 |
_aMeri jindagi ke swapna or satya _bby Johann Wolfgang Von Goethe; Translated by Navodita Sharma |
||
| 260 |
_aमेरठ (उ.प्र.) _bसंवाद प्रकाशन _c2009 |
||
| 270 |
_aआई-499, शास्त्रीनगर _bमेरठ (उ.प्र.) _e250004 |
||
| 300 |
_a238पृ. _c22सेमी (सजिल्द) |
||
| 650 |
_91169 _aजीवनी |
||
| 650 |
_922409 _aBiography |
||
| 700 |
_922273 _aशर्मा, नवोदिता |
||
| 700 | _922352 | ||
| 942 |
_2ddc _cHN _h920 _mगोएथे |
||
| 999 |
_c48034 _d48034 |
||